| 000 | 00638nam a2200205 4500 | ||
|---|---|---|---|
| 010 | _aA-292815 | ||
| 035 | _aA-292815 | ||
| 037 | _bCen Lib / Ret | ||
| 040 |
_aDPL _bEN |
||
| 082 |
_a040 _bGOK |
||
| 100 | _aGokhale, Gopal Krishna | ||
| 245 |
_aSpeeches and writings of Gopal Krishna Gokhale / _cby Gopal Krishna Gokhale |
||
| 260 |
_aDelhi _bAnmol Publications _c1987 |
||
| 270 |
_a20, New Lyall Pur Extn., _bDehi _e110051 |
||
| 300 |
_a(v 1. 579 ; v 2. 200p) _b24cm(Hb) |
||
| 650 | _aEducation -- India. | ||
| 650 | _aIndia -- History -- 1774-1947. | ||
| 650 | _aEducation. | ||
| 942 |
_2ddc _cEN _h040 _mGOK |
||
| 999 |
_c136483 _d136483 |
||